LEADER 01105nam a2200253 i 4500 001 000000065992 003 CaOOAMICUS 005 20080215000000.0 008 080215s1965 it u000 u ita u 013 $a37164 040 $aSeMil$bita 100 1 $aVanni Rovighi, Sofia,$d<1908-1990>.$0(OLS)http://semarc/name/635 245 12$aL'antropologia filosofica di San Tommaso d'Aquino /$cSofia Vanni Rovighi. 260 $aMilano :$bVita e Pensiero,$cstampa 1965. 300 $aVII, 174 p. ;$c25 cm. 500 $aContiene : Nota bibliografica. - In mezzo al front : Fondo Card. Giovanni Colombo. 600 04$aTommaso : d'Aquino .$0(OLS)http://semarc/subject/115 650 4$aAntropologia filosofica.$0(OLS)http://semarc/subject/976 850 $aSeMil 852 $aSeMil$W1$xVenegono$y1$m2N II 110 °$j32145$B32145$CSeMilBibl$Z2$F32148 $81 941 1 $a3 961 $aLascito: Colombo Card. Giovanni 996 $6245$aL'antropologia filosofica di San Tommaso d'Aquino$9(OLS)http://semarc/title/104851 996 $6260$aMilano :$bVita e Pensiero$9(OLS)http://semarc/publisher/29642 LEADER 00921nam a2200253 i 4500 001 000000203377 003 CaOOAMICUS 005 20221003104328.0 008 110627s1961 it u000 u ita u 013 $a182089 040 $aSeMil$bita 100 1 $aChessman, Caryl,$d<1921-1960>.$0(OLS)http://semarc/name/73431 240 10$aCell 2455, Death row.$0(OLS)http://semarc/title/294513 245 10$aCella 2455 Braccio della morte /$cCaryl Chessman. 250 $a17. ed. 264 1$aMilano :$bRizzoli,$c1961. 300 $a395 p. ;$c23 cm. 490 1 $aSidera 830 0$aSidera.$0(OLS)http://semarc/title/7363 850 $aSeMil 852 $aSeMil$W1$xVenegono$y1$m3U II 221$j153873$B153873$CSeMilBibl$Z2$F164745 $81 996 $6245$aCella 2455 Braccio della morte$9(OLS)http://semarc/title/294512 996 $6264$aMilano :$bRizzoli$9(OLS)http://semarc/publisher/29824